| Поле | Инд. | ПП | Название | Значение |
|---|---|---|---|---|
| Тип записи | a | |||
| Библиографический уровень | b | |||
| 001 | Контрольный номер | RU/IS/BASE/283961841 | ||
| 005 | Дата корректировки | 20200526074524.5 | ||
| 008 | Кодируемые данные | 20081230 | ||
| 040 | b | Код языка каталог. | rus | |
| e | Правила каталог. | PSBO | ||
| 041 | 0_ | a | Код языка текста | rus |
| 084 | a | Индекс другой классификации/Индекс ББК | 83.3(2=411.2)5 | |
| 100 | 1_ | a | Автор | Журавлева А. И. |
| 245 | 10 | a | Заглавие | Островский и Некрасов: художественная продуктивность органической народности |
| 504 | a | Библиография | Библиогр. - Примеч.: с. 53 | |
| 600 | 14 | a | Персоналии | Некрасов Николай Алексеевич |
| a | Персоналии | Островский Александр Николаевич | ||
| 650 | 14 | a | Основная рубрика | история литературы |
| a | Основная рубрика | литературоведение | ||
| a | Основная рубрика | филологические науки | ||
| 653 | 0_ | a | Ключевые слова | XIX век |
| a | Ключевые слова | народность | ||
| a | Ключевые слова | народный театр | ||
| a | Ключевые слова | поэзия | ||
| a | Ключевые слова | Россия | ||
| 773 | 08 | t | Заглавие источника | Вестник Московского университета. Серия 9, Филология |
| d | Дата издания источника | 2008 | ||
| g | Прочая информация | № 3. - С. 46 - 53 | ||
| w | Контрольный № источника | RU/IS/BASE/282745557 | ||
| 901 | t | Тип документа | b |